<?xml version="1.0" encoding="UTF-8"?>
<record
    xmlns:xsi="http://www.w3.org/2001/XMLSchema-instance"
    xsi:schemaLocation="http://www.loc.gov/MARC21/slim http://www.loc.gov/standards/marcxml/schema/MARC21slim.xsd"
    xmlns="http://www.loc.gov/MARC21/slim">

  <leader>00799nab a2200229 uc4500</leader>
  <controlfield tag="001">697822</controlfield>
  <controlfield tag="005">20240201164512.0</controlfield>
  <controlfield tag="008">011008e19970501                    spa  </controlfield>
  <datafield tag="035" ind1=" " ind2=" ">
    <subfield code="a">697822</subfield>
  </datafield>
  <datafield tag="035" ind1=" " ind2=" ">
    <subfield code="a">(OCoLC)819918780</subfield>
  </datafield>
  <datafield tag="040" ind1=" " ind2=" ">
    <subfield code="c">comduadb</subfield>
  </datafield>
  <datafield tag="041" ind1=" " ind2=" ">
    <subfield code="a">spa</subfield>
  </datafield>
  <datafield tag="100" ind1="1" ind2="0">
    <subfield code="a">Torretta, Oscar</subfield>
    <subfield code="4">aut</subfield>
    <subfield code="e">aut</subfield>
    <subfield code="9">342371</subfield>
  </datafield>
  <datafield tag="245" ind1="1" ind2="0">
    <subfield code="a">Enfermedad de chagas en una poblacion indigena de Minas de Gerais, Brasil : un problemad biocultural</subfield>
  </datafield>
  <datafield tag="650" ind1=" " ind2=" ">
    <subfield code="a">Indigenas de Brasil</subfield>
    <subfield code="9">37068</subfield>
  </datafield>
  <datafield tag="650" ind1=" " ind2="7">
    <subfield code="a">Antropolog&#xED;a m&#xE9;dica</subfield>
    <subfield code="2">lemb</subfield>
    <subfield code="9">41899</subfield>
  </datafield>
  <datafield tag="650" ind1=" " ind2=" ">
    <subfield code="a">Salud ind&#xED;gena</subfield>
    <subfield code="9">39670</subfield>
  </datafield>
  <datafield tag="650" ind1=" " ind2=" ">
    <subfield code="a">Trypanosoma cruzi</subfield>
    <subfield code="9">9910</subfield>
  </datafield>
  <datafield tag="650" ind1=" " ind2=" ">
    <subfield code="a">Salud - Aspectos sociales</subfield>
    <subfield code="9">39419</subfield>
  </datafield>
  <datafield tag="773" ind1="0" ind2=" ">
    <subfield code="t">Estudios de Antropolog&#xED;a Biol&#xF3;gica (M&#xE9;xico)</subfield>
    <subfield code="g">Vol. 06, May. 1997, p. 343 -348</subfield>
    <subfield code="w">690677</subfield>
    <subfield code="x">1405-5066</subfield>
    <subfield code="0">216497</subfield>
  </datafield>
  <datafield tag="942" ind1=" " ind2=" ">
    <subfield code="c">ARIMP</subfield>
  </datafield>
  <datafield tag="999" ind1=" " ind2=" ">
    <subfield code="c">216599</subfield>
    <subfield code="d">216599</subfield>
  </datafield>
</record>
